000 01113nam0a22002771 4500
001 rc\3319263
005 20250609175726.0
035 _a(NLR Aleph) 007418901
090 _a6894705
_c6894705
100 _a20130115d1972 |||y0rusy50 ca
101 0 _arus
102 _aRU
105 _aa z |||||
200 1 _aНизкотемпературная плазма и металлургическая технология
_e[Обзор]
_fМ-во цвет. металлургии СССР. Центр. науч.-исслед. ин-т информации и техн.-экон. исследований цвет. металлургии
210 _aМосква
_cБ. и.
_d1972
215 _a196 с.
_cил.
_d22
300 _aАвт. указаны на обороте тит. л.
320 _aБиблиогр.: с. 185-195
333 _aДля служебного пользования. Экз. № 000007
700 1 _aДейнека
_bС.С.
701 1 _aПаремузов
_bЕ.П.
801 0 _aRU
_bNLR
_gpsbo
801 1 _aRU
_bELAR
_2rusmarc
852 _aNLR
_j72-50к/4305
942 _cBOOK
980 _aNB